La réunification des deux corées (Record no. 14018)

MARC details
010 ## - Numéro international normalisé du livre (ISBN)
ISBN 9782330216856
099 ## - Visibilité opac
notice masquée en opac Non
100 ## - Données générales de traitement
Données générales de traitement 20260129d u||y0frey50 ba
200 ## - Titre et mention de responsabilité
Titre propre La réunification des deux corées
Indication générale du type de document Livre
214 ## - Mentions de production, publication, diffusion et manufacture
Nom de l’éditeur Actes sud
330 ## - Résumé ou extrait
Texte de la note En une mosaïque de vingt instants singuliers, "La Réunification des deux Corées" explore la complexité des liens amoureux. Amants, amis, couples mariés ou adultères, vieilles histoires et relations passagères esquissent un tableau réaliste de ce qui nous attache et nous déchire en même temps. Réel ou ressenti, il n’y a pas d’amour, il n’y a que des manques d’amour.
610 ## - Mot-clé
Mot-clé Amour
-- Couple
-- Divorce
700 ## - Auteur principal
Nom Pommerat
Prénom Joël
000 -Etiquette de la notice
Leader 00754nam a2200157 4500
005 - Identifiant de la version
Identifiant 20260129124131.0
Holdings
Exclu du prêt Date de création Site actuel Code barre Date prix de remplacement Cote Statut Site de rattachement Type de document Koha
  29.01.2026 Théâtre Joliette JOL-007719 29.01.2026 TH POM 20+   Théâtre Joliette Livre